000 00441nam a22001817a 4500
003 NUST - PNEC
005 20170116180911.0
008 150903b xxu||||| |||| 00| 0 eng d
020 _a-
040 _cLIBRARY
082 _a621.3 COT
100 _97042
_aCotton, H. (Harry)
245 _a Electrical technology,
_cH. Cotton
250 _a6th ed.
260 _cc. 1959
650 _97046
_aElectrical engineering
_xEL
942 _2ddc
_cBK
999 _c65270
_d65270